Statystyki dla Geografia quiz #60 - Miasta w województwie śląskim

Kliknij tutaj aby rozwiązać quiz!

Ogólne statystyki

  • Ten quiz został rozwiązany 41 razy
  • Średni wynik to 6 z 7

Statystyki odpowiedzi

MiastoLiczba ludności% Poprawnych
Katowice280 190
100%
Częstochowa208 282
89%
Gliwice171 023
89%
Zabrze155 430
89%
Sosnowiec189 178
81%
Bielsko-Biała166 765
76%
Bytom149 576
70%

Rozkład punktacji

Percentyl według liczby udzielonych odpowiedzi

Procent ludzi z każdym wynikiem

Twoja historia wyników

Nie rozwiązałeś tego quizu